000 00569nam a2200181Ia 4500
003 GCL
008 140319s9999 xx 000 0 ara d
040 _aGCL /
_cGCL
082 0 4 _a956.609
_bي ل
100 1 _aيحيى احمد الكعكى
245 1 0 _aلبنان والفيدرالية /
_cيحيى احمد الكعكى
300 _a184 ص
490 _aالهيئة العامة للاستعلامات
_v0
650 0 4 _aالتاريخ
650 0 4 _aلبنان - تاريخ - العصر الحديث
650 0 4 _aالحرب الاهلية
942 _2ddc
_cBK
999 _c49513
_d49513